<?xml version="1.0" encoding="UTF-8"?>
<collection xmlns="http://www.loc.gov/MARC21/slim">
  <record>
    <leader>00000nam  2200000   4500</leader>
    <controlfield tag="001">INLIS000000000017565</controlfield>
    <controlfield tag="005">20240813093705</controlfield>
    <datafield tag="035" ind1="#" ind2="#">
      <subfield code="a">0010-0824000186</subfield>
    </datafield>
    <controlfield tag="007">ta</controlfield>
    <controlfield tag="008">240813################g##########0#ind##</controlfield>
    <datafield tag="020" ind1="#" ind2="#">
      <subfield code="a">978-623-328-570-4</subfield>
    </datafield>
    <datafield tag="082" ind1="#" ind2="#">
      <subfield code="a">658.15</subfield>
    </datafield>
    <datafield tag="084" ind1="#" ind2="#">
      <subfield code="a">658.15 KUW m</subfield>
    </datafield>
    <datafield tag="100" ind1=" " ind2="#">
      <subfield code="a">Kuwat Slamet</subfield>
    </datafield>
    <datafield tag="245" ind1="1" ind2="#">
      <subfield code="a">Manajemen Perbendaharaan Negara /</subfield>
      <subfield code="c">Kuwat Slamet</subfield>
    </datafield>
    <datafield tag="260" ind1="#" ind2="#">
      <subfield code="a">Jakarta :</subfield>
      <subfield code="b">Bumi Aksara,</subfield>
      <subfield code="c">2023</subfield>
    </datafield>
    <datafield tag="300" ind1="#" ind2="#">
      <subfield code="a">xxiv, 373 hal. ;</subfield>
      <subfield code="c">23 cm</subfield>
    </datafield>
    <datafield tag="650" ind1="#" ind2="4">
      <subfield code="a">Manajemen</subfield>
    </datafield>
    <datafield tag="650" ind1="#" ind2="4">
      <subfield code="a">Bendahara Negara</subfield>
    </datafield>
    <datafield tag="700" ind1=" " ind2="#">
      <subfield code="a">Hermawan Sukoasih</subfield>
    </datafield>
    <datafield tag="520" ind1="#" ind2="#">
      <subfield code="a">Buku ini menggunakan pendekatan praktik dalam pelaksanaan perbendaharaan negara. Basis rujukannya adalah peraturan yang relevan atau berlaky saat ini dengan tambahan filosofi di dalamnya. Buku ini menjadi bagian dari penampungan pengetahuan dalam upaya menciptakan knowledge management di bidang perbendaharaan negara. Manajemen perbendaharaan negara dalam buku ini menyajikan materi mengenai keuangan Negara dan perbendaharaan Negara, Manajemen Kas, Manajemen Piutang, Manajemen Persediaan, Manajemen Investasi, Manajemen Utang, dan Manajemen Proyek yang dilakukan oleh pemerintah pusat dan pemerintah daerah. Selain itu, berbagai peraturan dan perkembangan baru telah disesuaikan dengan kondisi terkini.</subfield>
    </datafield>
    <datafield tag="856" ind1="#" ind2="#">
      <subfield code="a">Perpustakaan LAN Pusat</subfield>
    </datafield>
    <datafield tag="990" ind1="#" ind2="#">
      <subfield code="a">240819883</subfield>
    </datafield>
    <datafield tag="990" ind1="#" ind2="#">
      <subfield code="a">240819884</subfield>
    </datafield>
  </record>
</collection>
